| 000 | 00628nam a22001937a 4500 | ||
|---|---|---|---|
| 005 | 20100810162853.0 | ||
| 010 | _aENG-99449 | ||
| 020 |
_a9788190756396 _c80.00 |
||
| 035 | _aEN-82981 | ||
| 037 | _bDBAD/PUB | ||
| 082 | _a658 | ||
| 100 |
_aGunasekaran,K. _911450 |
||
| 245 |
_aBusiness management / _cby K.Gunasekaran |
||
| 260 |
_aTamil nadu _bKamaraj Pathipagam _c2008 |
||
| 270 |
_a14/135,Kamaraj Pathipagam _bTamil nadu |
||
| 300 |
_a121p. _c20cm (pbk) |
||
| 942 |
_2ddc _cEN _h658 _mGUN |
||
| 999 |
_c40807 _d40807 |
||